| 000 | 00614nam a2200205 a 4500 | ||
|---|---|---|---|
| 005 | 20240612064110.0 | ||
| 008 | 040119s2002 es r 000 0 spa d | ||
| 020 | _a8471124734 | ||
| 035 | _aUPN01000131366 | ||
| 049 | _aCG | ||
| 050 | 4 |
_aLC272 _bD8.4 |
|
| 100 | 1 |
_aDurkheim, Emile, _d1858-1917 |
|
| 245 | 1 | 3 |
_aLa educación moral / _cEmile Durkheim ; pról. Félix Ortega ; tr. Pablo Manzano. |
| 260 |
_aMadrid : _bMorata, _c2002. |
||
| 300 | _a218 p. | ||
| 440 | 0 |
_aPedagogía. _pRaíces de la memoria |
|
| 534 |
_pTraducción de: _tL'education morale |
||
| 650 | 4 |
_aEducación moral _91396 |
|
| 905 | _aLibro | ||
| 999 |
_c103521 _d103521 |
||